[Event "Zuerich op-B 36th"]
[Site "Zuerich"]
[Date "2012.12.27"]
[Round "2"]
[White "Naepflin, Reinhold"]
[Black "Schott, Wolfgang"]
[Result "0-1"]
[WhiteElo "1764"]
[BlackElo "1912"]
[PlyCount "46"]
[EventDate "2012.12.26"]
[EventType "swiss"]
[EventRounds "7"]
[EventCountry "SUI"]
[SourceTitle "EXT 2019"]
[Source "ChessBase"]
[SourceDate "2018.10.10"]
[SourceVersion "1"]
[SourceVersionDate "2018.10.10"]
[SourceQuality "1"]

1. e4 e5 2. Nf3 Nc6 3. d4 exd4 4. Nxd4 Nf6 5. Nxc6 bxc6 6. Bd3 d5 7. Qe2 Be7 8. Nd2 0-0 9. 0-0 Bg4 10. Nf3 Re8 11. Kh1 Rb8 12. c3 Bd6 13. Bg5 h6 14. Bh4 g5 15. Qd2 Bf4 16. Qc2 dxe4 17. Bxe4 Nxe4 18. Rad1 Qf6 19. Bg3 Bxf3 20. gxf3 Nd6 21. Qa4 Rxb2 22. Qxa7 Bxg3 23. fxg3 Ree2 0-1

[Event "Davos op 5th"]
[Site "Davos"]
[Date "2006.08.11"]
[Round "6"]
[White "Salzer, Robert"]
[Black "Schott, Wolfgang"]
[Result "1/2-1/2"]
[WhiteElo "1728"]
[BlackElo "1886"]
[PlyCount "37"]
[EventDate "2006.08.06"]
[EventType "swiss"]
[EventRounds "7"]
[EventCountry "SUI"]
[SourceTitle "EXT 2008"]
[Source "ChessBase"]
[SourceDate "2007.11.25"]
[SourceVersion "1"]
[SourceVersionDate "2007.11.25"]
[SourceQuality "1"]

1. d4 d5 2. c4 dxc4 3. Nf3 Nf6 4. e3 e6 5. Bxc4 c5 6. 0-0 a6 7. Bd3 Nc6 8. dxc5 Bxc5 9. Qc2 Bd6 10. a3 0-0 11. Nc3 h6 12. Rd1 Qe7 13. Ne4 Nxe4 14. Bxe4 Bd7 15. b4 Rfd8 16. Bb2 Rac8 17. Qd3 Be8 18. Qb3 Bb8 19. h3 1/2-1/2

[Event "Nagler Memorial op"]
[Site "Zuerich"]
[Date "1998.08.15"]
[Round "8"]
[White "Egli, Urs Martin"]
[Black "Schott, Wolfgang"]
[Result "1-0"]
[WhiteElo "2054"]
[BlackElo "1870"]
[PlyCount "61"]
[EventDate "1998.08.08"]
[EventType "swiss"]
[EventRounds "9"]
[EventCountry "SUI"]
[SourceTitle "EXT 2006"]
[Source "ChessBase"]
[SourceDate "2005.11.24"]
[SourceVersion "1"]
[SourceVersionDate "2005.11.24"]
[SourceQuality "1"]

1. e4 e5 2. f4 Bc5 3. Nc3 d6 4. Nf3 Nf6 5. Bc4 Nc6 6. d3 Bg4 7. Na4 Bxf3 8. Qxf3 Nd4 9. Qd1 b5 10. Bxf7+ Kxf7 11. Nxc5 exf4 12. Nb3 Ne6 13. 0-0 g5 14. g3 fxg3 15. Bxg5 gxh2+ 16. Kxh2 Nxg5 17. Qh5+ Ke7 18. Qxg5 Qf8 19. e5 Qh6+ 20. Qxh6 Ng4+ 21. Kh3 Nxh6 22. exd6+ cxd6 23. Rae1+ Kd7 24. Rf6 Ng8 25. Rf7+ Kc6 26. Nd4+ Kb6 27. Re6 Rd8 28. b4 a6 29. a4 bxa4 30. c4 a5 31. c5+ 1-0